000
00492nam a2200181Ia 4500
008
090124s9999 xx 000 0 und d
082
_b
124385
100
_a
गोडबोले अशोक
245
_a
प्रतिशोध
250
_a
1
260
_c
1990
300
_a
140
600
_a
गोडबोले अशोक
630
_a
प्रतिशोध
700
_a
गोडबोले अशोक
730
_a
प्रतिशोध
942
_c
BOOK
999
_c
170472
_d
170472